000 00206nam a22000857a 4500
008 161202b xxu||||| |||| 00| 0 eng d
100 _91714
_aMisra.R.R.
245 _aChemistry-IX
260 _aNew Delhi
_bArya
_c2007
999 _c4427
_d4427